Normal view
MARC view
- Gitlow, Howard S
Entry Personal Name
001 - CONTROL NUMBER
- control field: 85084
003 - CONTROL NUMBER IDENTIFIER
- control field: NUST
005 - DATE AND TIME OF LATEST TRANSACTION
- control field: 20211125103238.0
008 - FIXED-LENGTH DATA ELEMENTS
- fixed length control field: 211125|| aca||aabn | a|a d
040 ## - CATALOGING SOURCE
- Original cataloging agency: NUST
- Transcribing agency: NUST
100 ## - HEADING--PERSONAL NAME
- Personal name: Gitlow, Howard S
670 ## - SOURCE DATA FOUND
- Source citation: Work cat.: (NUST)33793: Gitlow, Howard S., Quality Management /, 2014.
